| 000 | 01127cam a22001934a 4500 | ||
|---|---|---|---|
| 005 | 20250605164128.0 | ||
| 008 | 250528s ||||||||||||||||||||||||d | ||
| 035 | _a18541 | ||
| 020 | _a70379904 | ||
| 040 |
_aGR-AtMCL _bgre _dGR-AtMCL _eAACR2 |
||
| 245 | 1 | _aSchaum's Outline of Theory and Problems of Essential Computer Mathematics | |
| 260 |
_bSchaum'S Outline Series, _c1982 |
||
| 300 | _a360 | ||
| 520 | _aCovers all course fundamentals and supplements any class text - Teaches effective problem-solving techniques - 840 solved problems with complete solutions - Also includes hundreds of additional problems with answers. Binary Number System, Computer Codes, Computer Arithmetic, Logic and Truth Tables, Algorithms and Flowcharts and Pseudocode Programs, Sets and Relations, Boolean Algebra and Logic Gates, Simplification of Logic Circuits, Vectors and Matrices and Subscripted Variables, Linear Equations, Combinatorial Analysis, Probability, Statistics: Random Variables, Graphs and Directed Graphs and Machines, Index. | ||
| 700 | 1 |
_aLipschutz Seymour _94743 |
|
| 942 | _cBK | ||
| 999 |
_c3896 _d3896 |
||